Zdravé domáce pracovisko
Uložené v:
| Hlavný autor: | |
|---|---|
| Ďalší autori: | |
| Médium: | Rukopis Kniha |
| Jazyk: | Slovak |
| Vydavateľské údaje: |
2025
|
| Predmet: | |
| On-line prístup: | http://is.stuba.sk/zp/portal_zp.pl?podrobnosti=185100 |
| Tagy: |
Žiadne tagy, Buďte prvý, kto otaguje tento záznam!
|
MARC
| LEADER | 00000ntm a22000003a 4500 | ||
|---|---|---|---|
| 001 | stuzp104778 | ||
| 003 | SK-STU | ||
| 005 | 20250607210818.2 | ||
| 007 | ta | ||
| 008 | 150427s2015----xo-----f-mn---000-0-slo-d | ||
| 040 | |a STU |b slo | ||
| 041 | 0 | |a slo | |
| 100 | 1 | |a Rózsa, Patrik |u 059190 |4 aut |U FAD Fakulta architektúry a dizajnu |T FAD Ústav dizajnu |X 103774 |U A9190 |Y 400 |7 103774 | |
| 242 | 0 | 1 | |a Healthy home workplace |y eng |
| 245 | 1 | 0 | |a Zdravé domáce pracovisko |
| 260 | |c 2025 | ||
| 650 | 4 | |a productivity |2 eng | |
| 650 | 4 | |a health |2 eng | |
| 650 | 4 | |a desk |2 eng | |
| 650 | 4 | |a work from home |2 eng | |
| 650 | 4 | |a concept |2 eng | |
| 650 | 4 | |a zdravie |2 slo | |
| 650 | 4 | |a pracovný stôl |2 slo | |
| 650 | 4 | |a práca z domu |2 slo | |
| 650 | 4 | |a koncept |2 slo | |
| 650 | 4 | |a produktivita |2 slo | |
| 700 | 1 | |a Mjartan, Martin |u 059190 |k Z1 |4 ths |U FAD Fakulta architektúry a dizajnu |T FAD Ústav dizajnu |X 70456 |U A9190 |Y 400 |7 A000070456 | |
| 856 | 4 | |u http://is.stuba.sk/zp/portal_zp.pl?podrobnosti=185100 | |